| 000 | 00712nam a2200145Ia 4500 | ||
|---|---|---|---|
| 008 | 170221s9999 xx 000 0 und d | ||
| 100 | _aIraida G. Ovchinnikova | ||
| 245 | _aElaboration of a Frame Model for Intensification and Managing Requirements to Learning Outcomes in Regional Systems of Continuing Professional Education | ||
| 245 | _cIraida G. Ovchinnikova, Lubov V. Kurzaeva, Tamara B. Solomatina, Galina N. Chusavitina, Vladimir E. Petelyak, Natalya N. Zerkina, Yekaterina A. Lomakina, Maria V. Musiychuk | ||
| 260 | _bInternational Review of Management and Marketing | ||
| 260 | _c2012 | ||
| 300 | _a: | ||
| 650 | _xMarketing. | ||
| 856 | _uhttp://www.econjournals.com/index.php/irmm/issue/view/71 | ||
| 999 |
_c313925 _d313925 |
||